Visualizzazione normale
Vista MARC
- Sobicain
di Personal Name
Records bibliografici associati: 1
001 - CONTROL NUMBER
- control field: 521
003 - CONTROL NUMBER IDENTIFIER
- control field: IT-RoPau
005 - DATE AND TIME OF LATEST TRANSACTION
- control field: 20130509100608.0
008 - FIXED-LENGTH DATA ELEMENTS
- fixed length control field: 130509|| aca||aabn | a|a d
040 ## - CATALOGING SOURCE
- Original cataloging agency: IT-RoPau
- Transcribing agency: IT-RoPau
100 ## - HEADING--PERSONAL NAME
- Personal name: Sobicain
670 ## - SOURCE DATA FOUND
- Source citation: Work cat.: (IT-RoPau)28318: Sobicain, "I Primi passi per un rilancio dell’apostolato biblico., 1990